Shah Rukh Khan Filmography - Statistics

General Stats
  • This quiz has been taken 161 times
    37 since last reset
  • The average score is 45 of 170
Answer Stats
Type Year Name % Correct
Film 1998 Kuch Kuch Hota Hai
89%
Film 2015 Dilwale
83%
Film 1995 Dilwale Dulhania Le Jayenge
80%
Film 2007 Om Shanti Om
80%
Film 2023 Jawan
77%
Film 2023 Pathaan
77%
Film 1993 Baazigar
74%
Film 2014 Happy New Year
71%
Film 1999 Baadshah
69%
Film 2001 Kabhi Khushi Kabhie Gham...
66%
Film 1993 Darr: A Violent Love Story
63%
Film 2003 Kal Ho Naa Ho
63%
Film 2013 Chennai Express
60%
Film 2002 Devdas
60%
Film 1995 Karan Arjun
60%
Film 2004 Main Hoon Na
60%
Film 2011 Ra.One
60%
Film 2006 Don: The Chase Begins Again
57%
Film 2023 Dunki
57%
Film 2016 Fan
57%
Film 2017 Jab Harry Met Sejal
57%
Film 2008 Rab Ne Bana Di Jodi
57%
Film 2018 Zero
57%
Film 2012 Jab Tak Hai Jaan
54%
Film 2006 Kabhi Alvida Naa Kehna
54%
Film 2026 King
54%
Film 2000 Mohabbatein
54%
Film 2010 My Name Is Khan
54%
Film 2017 Raees
54%
Film 1997 Dil To Pagal Hai
51%
Film 1998 Duplicate
51%
Film 2004 Swades
51%
Film 2016 Dear Zindagi
49%
Film 1998 Dil Se..
49%
Film 2011 Don 2
49%
Film 1994 Anjaam
46%
Film 1992 Deewana
46%
TV Show 1988 Fauji
46%
Film 1997 Yes Boss
46%
Film 1997 Koyla
43%
Film 2001 Aśoka
40%
Film 2009 Billu
40%
Film 2007 Chak De! India
40%
Film 2003 Chalte Chalte
40%
Film 2005 Paheli
40%
Film 2000 Phir Bhi Dil Hai Hindustani
40%
Film 2004 Veer-Zaara
40%
Film 2016 Ae Dil Hai Mushkil
37%
Film 1997 Pardes
37%
Film 1992 Raju Ban Gaya Gentleman
37%
Film 1996 Army
34%
TV Sho 1989-1990 Circus
34%
Film 2000 Hey Ram
34%
Film 2000 Josh
34%
Film 1993 Maya Memsaab
34%
Film 1996 English Babu Desi Mem
31%
Film 1995 Guddu
31%
Film 2005 Kaal
31%
Film 1995 Ram Jaane
31%
Film 1996 Chaahat
29%
Film 1992 Chamatkar
29%
Film 2002 Hum Tumhare Hain Sanam
29%
Film 1994 Kabhi Haan Kabhi Naa
29%
Film 2001 One 2 Ka 4
29%
Film 1995 Zamaana Deewana
29%
Film 2008 Bhoothnath
26%
Film 2014 Bhoothnath Returns
26%
Film 1992 Dil Aashna Hai
26%
Film 1995 Oh Darling! Yeh Hai India!
26%
Film 2002 Saathiya
26%
Film 2017 Tubelight
26%
Film 2010 Dulha Mil Gaya
23%
Film 2000 Har Dil Jo Pyar Karega...
23%
Film 2007 Heyy Babyy
23%
Film 2006 I See You
23%
Film 1993 King Uncle
23%
Film 2009 Luck by Chance
23%
Film 2002 Shakti: The Power
23%
Film 2004 Yeh Lamhe Judaai Ke
23%
Film 2006 Alag
20%
Film 2013 Bombay Talkies
20%
Film 1996 Dushman Duniya Ka
20%
Film 2000 Gaja Gamini
20%
Film 1997 Gudgudee
20%
TV Mini-Series 1991 Idiot
20%
Film 2008 Kismat Konnection
20%
Film 2008 Krazzy 4
20%
Film 2022 Laal Singh Chaddha
20%
Film 2005 Silsiilay
20%
Film 1995 Trimurti
20%
Award Show 2003 48th Filmfare Awards
17%
Award Show 2004 49th Filmfare Awards
17%
Award Show 2007 52nd Filmfare Awards
17%
Award Show 2008 53rd Filmfare Awards
17%
Award Show 2010 55th Filmfare Awards
17%
Award Show 2012 57th Filmfare Awards
17%
Award Show 2016 61st Filmfare Awards
17%
Award Show 2017 62nd Filmfare Awards
17%
Award Show 2018 63rd Filmfare Awards
17%
Award Show 2019 64th Filmfare Awards
17%
Film 1998 Achanak
17%
Film 2022 Brahmastra Part One: Shiva
17%
TV Show 1988 Dil Dariya
17%
TV Film 1989 In Which Annie Gives It Those Ones
17%
Film 1993 Pehla Nasha
17%
Music Video 2025 Sapphire
17%
Film 2010 Shahrukh Bola "Khoobsurat Hai Tu"
17%
Film 2008 Shaurya
17%
Award Show 2013 14th IIFA Awards
14%
Award Show 2005 6th IIFA Awards
14%
Film 2011 Always Kabhi Kabhi
14%
Film 2005 Kuchh Meetha Ho Jaye
14%
Film 2011 Love Breakups Zindagi
14%
Film 2019 The Zoya Factor
14%
Music Video 2019 BIBA
11%
TV Show 1989 Doosra Keval
11%
Web Series 2020 Fabulous Lives of Bollywood Wives
11%
TV Show 2007 Kaun Banega Crorepati
11%
Short Film 1991 Mahaan Karz
11%
Documentary Series 2023 The Romantics
11%
TV Show 1989 Wagle Ki Duniya
11%
Award Show 2012 Zee Cine Awards 2012
11%
TV Show 2011 Zor Ka Jhatka: Total Wipeout
11%
Award Show 2012 18th Colors Screen Awards
9%
Award Show 2013 19th Colors Screen Awards
9%
Award Show 2010 2010 Indian Premiere League Awards
9%
Award Show 2014 20th Life OK Screen Awards
9%
Award Show 2015 21st Life OK Screen Awards
9%
Documentary Series 2024 Angry Young Men
9%
Short Film 2016 Bhaag Jeetu Bhaag
9%
Music Video 2017 Jai Hind India
9%
TV Show 2008 Kya Aap Paanchvi Pass Se Tez Hain?
9%
Music Video 2002 Kya Khoya
9%
Documentary 2014 Living with KKR
9%
Music Video 2010 Phir Mile Sur Mera Tumhara
9%
Documentary Series 2017-2018 TED Talks India Nayi Soch
9%
Web Mini-Series 2020 The Forgotten Army - Azaadi Ke Liye
9%
TV Show 1989 Umeed
9%
Award Show 2010 16th Star Screen Awards
6%
Award Show 2011 17th Star Screen Awards
6%
Award Show 2006 2nd Global Indian Film Awards
6%
TV Show 2015 India Poochega Sabse Shaana Kaun?
6%
Film 2021 Koochie Koochie Hota Hai
6%
Documentary 2010 Living with a Superstar - Shahrukh Khan
6%
Short Film 2020 Sab Sahi Ho Jayega
6%
Documentary Series 2019 TED Talks India Nayi Soch
6%
Documentary 2005 The Inner and Outer World of Shah Rukh Khan
6%
Documentary 2025 Yo Yo Honey Singh: Famous
6%
TV Show 1998 C.I.D.
3%
Award Show 2010 Sahara Indian Sports Awards 2010
3%
Film 2012 Student of the Year
3%
Film 2019 The Lion King
3%
Award Show 2013 58th Filmfare Awards
0%
TV Documentary 2024 Abira Dhar Travels Switzerland Solo in DDLJ's Simran Style and Meets Shah Rukh Khan
0%
TV Film 1989 Adhuri Zindagi
0%
Short TV Documentary 2002 Bollywood for Beginners
0%
TV Documentary 2000 Bollywood im Alpenrausch
0%
TV Documentary 2005 Bollywood - Indiens Klingendes Kino
0%
Commercial 2011 Chak 89 Restaurant UK
0%
Film 2016 Devi
0%
Short Film 2024 Ghar ki Mazbooti ka EkDum Solid Raaz - Rungta Steel TMT Bars
0%
Commercial 2006 ICICI Bank
0%
TV Show 1989 Intezaar
0%
Short Film 2006 Kar Le Kar Le Koi Dhamaal
0%
Documentary 2011 Mughal-E-Azam - A Tribute by a Son to His Father
0%
Web Series 2023 Stardom
0%
Commercial 2007 Sunfeast Biscuits
0%
Web Series 2024 The Tribe
0%
Commercial 2016-2019 Visit Dubai
0%
Commercial 2013 WildAid
0%
No matching quizzes found
Score Distribution
Percent of People with Each Score
Percentile by Number Answered
Your Score History
You have not taken this quiz since the last reset